Movies Quiz

Random Movies or Pixar Quiz

Silhouettes: Toy Story Characters Quiz Stats

 Plays Quiz Updated Mar 19, 2019

Score 0/15 Timer 02:00
2 Plays Today
% Correct
Woody
97.9%
Mr. Potato Head
97.8%
Buzz Lightyear
97.7%
Rex
97.6%
Slinky Dog
97.4%
Alien
97.1%
Barbie
96.6%
Jessie
95.7%
% Correct
Hamm
95.7%
Emperor Zurg
95.5%
Bo Peep
94.4%
Bullseye
93.8%
Stinky Pete
91%
Lotso
90.4%
Wheezy
89.8%

You're not logged in!

Compare scores with friends on all Sporcle quizzes.
OR
Log In

Sporcle TV

Today on Sporcle TV


Watch our educational content, quiz creation guides, and fun videos on Sporcle TV.

Show Comments

Extras

Top Quizzes Today


Score Distribution

Your Account Isn't Verified!

In order to create a playlist on Sporcle, you need to verify the email address you used during registration. Go to your Sporcle Settings to finish the process.

Report this User

Report this user for behavior that violates our Community Guidelines.

Details: